(Record no. 184213)
[ view plain ]
| 000 -CABECERA | |
|---|---|
| campo de control de longitud fija | 00960nam a2200229Ia 4500 |
| 001 - NÚMERO DE CONTROL | |
| campo de control | IA_The project is able to support an increase in production costs up to 37% and a decrease in sales revenue of 25% This indicates that it is a relatively stable project. |
| 008 - DATOS DE LONGITUD FIJA--INFORMACIÓN GENERAL | |
| campo de control de longitud fija | 220117s xx 000 0 und d |
| 010 ## - NÚMERO DE CONTROL DE LA BIBLIOTECA DEL CONGRESO | |
| Número de control de LC | 184213 |
| 530 ## - NOTA DE FORMATO FÍSICO ADICIONAL DISPONIBLE | |
| Nota de formato físico adicional disponible | Disponible en PDF |
| 650 ## - PUNTO DE ACCESO ADICIONAL DE MATERIA--TÉRMINO DE MATERIA | |
| Término de materia o nombre geográfico como elemento de entrada | Dairy industry |
| 9 (RLIN) | 147323 |
| 650 ## - PUNTO DE ACCESO ADICIONAL DE MATERIA--TÉRMINO DE MATERIA | |
| Término de materia o nombre geográfico como elemento de entrada | Dairy products |
| 9 (RLIN) | 147027 |
| 650 #0 - PUNTO DE ACCESO ADICIONAL DE MATERIA--TÉRMINO DE MATERIA | |
| Término de materia o nombre geográfico como elemento de entrada | Entrepreneurship |
| Subdivisión geográfica | Mexico |
| -- | Chiapas |
| 9 (RLIN) | 152181 |
| 650 ## - PUNTO DE ACCESO ADICIONAL DE MATERIA--TÉRMINO DE MATERIA | |
| Término de materia o nombre geográfico como elemento de entrada | Industria lechera |
| 9 (RLIN) | 57819 |
| 650 #0 - PUNTO DE ACCESO ADICIONAL DE MATERIA--TÉRMINO DE MATERIA | |
| Término de materia o nombre geográfico como elemento de entrada | Iniciativa empresarial |
| Subdivisión geográfica | México |
| -- | Chiapas |
| 9 (RLIN) | 152182 |
| 650 ## - PUNTO DE ACCESO ADICIONAL DE MATERIA--TÉRMINO DE MATERIA | |
| Término de materia o nombre geográfico como elemento de entrada | Productos lácteos |
| 9 (RLIN) | 92124 |
| 700 ## - PUNTO DE ACCESO ADICIONAL--NOMBRE DE PERSONA | |
| Nombre de persona | Espejel Zaragoza, José Alfredo, asesor |
| 9 (RLIN) | 163697 |
| 700 1# - PUNTO DE ACCESO ADICIONAL--NOMBRE DE PERSONA | |
| Nombre de persona | Martínez Mosqueda, Francisco |
| 9 (RLIN) | 148600 |
| 700 ## - PUNTO DE ACCESO ADICIONAL--NOMBRE DE PERSONA | |
| Nombre de persona | Ponce Hernández, Pedro, asesor |
| 9 (RLIN) | 163694 |
| 942 ## - ELEMENTOS DE PUNTO DE ACCESO ADICIONAL (KOHA) | |
| Tipo de ítem Koha | |
No items available.
